000 00505nam a2200193 i 4500
001 bgj
100 1 _aMAY, Karl.
245 1 0 _aDurch die Wüste :
_bReiseerzählung /
_cvon Karl May.
246 _aKarl May Gesammelte Werke. Bd. 1.
260 _aBamberg :
_bKarl-May-Bücherei,
_ccop. 1952.
300 _a583 s. ;
_c18 cm.
650 9 _aPowieść niemiecka
040 _cBPK
041 0 _ager
044 _aDEU
080 _a821.112.2-3
942 _cKS
008 s gw f |000 0 ger
999 _c50006
_d50006
856 _uhttp://koha.tu.koszalin.pl/cgi-bin/koha/opac-detail.pl?biblionumber=50006
_yKatalog online BPK